<?xml version="1.0" encoding="UTF-8"?>
<collection xmlns="http://www.loc.gov/MARC21/slim">
 <record>
  <leader>01948nas a22003131  4500</leader>
  <controlfield tag="001">1/50136</controlfield>
  <controlfield tag="008">020705c19739999gr brzp           g0gre d</controlfield>
  <datafield tag="035" ind1=" " ind2=" ">
   <subfield code="l">22910</subfield>
  </datafield>
  <datafield tag="090" ind1=" " ind2=" ">
   <subfield code="a">Αλφαβητική σειρά</subfield>
  </datafield>
  <datafield tag="245" ind1="0" ind2="0">
   <subfield code="a">Δελτίον διοικήσεως επιχειρήσεων</subfield>
  </datafield>
  <datafield tag="260" ind1=" " ind2=" ">
   <subfield code="a">Αθήνα :</subfield>
   <subfield code="b">Ευρωενωσιακόν Οικονομικών Δελτίον Διοικήσεως Επιχειρήσεων,</subfield>
   <subfield code="c">1973</subfield>
  </datafield>
  <datafield tag="300" ind1=" " ind2=" ">
   <subfield code="a">τ. ;</subfield>
   <subfield code="c">28 εκ.</subfield>
  </datafield>
  <datafield tag="310" ind1=" " ind2=" ">
   <subfield code="a">Διμηνιαίο</subfield>
  </datafield>
  <datafield tag="362" ind1="0" ind2=" ">
   <subfield code="a">Τομ. 12, τχ. 107 (Ιαν./Φεβ. 1973) - τ. 40, τχ. 331 (Νοέμ./Δεκ. 2001)</subfield>
  </datafield>
  <datafield tag="546" ind1=" " ind2=" ">
   <subfield code="a">Ελληνική</subfield>
  </datafield>
  <datafield tag="650" ind1=" " ind2="4">
   <subfield code="a">Διοίκηση και οργάνωση</subfield>
   <subfield code="v">Περιοδικά.</subfield>
  </datafield>
  <datafield tag="852" ind1=" " ind2=" ">
   <subfield code="a">INST</subfield>
   <subfield code="b">UNIPILB</subfield>
   <subfield code="c">SERIALS</subfield>
   <subfield code="e">20151111</subfield>
   <subfield code="h">Αλφαβητική σειρά</subfield>
   <subfield code="p">87088</subfield>
   <subfield code="q">87088</subfield>
   <subfield code="t">NOLOAN</subfield>
   <subfield code="v">τεύχ.412:(Μήνες)Μάιος/Ιούνιος;(Έτος)2015</subfield>
   <subfield code="y">23</subfield>
  </datafield>
  <datafield tag="852" ind1=" " ind2=" ">
   <subfield code="a">INST</subfield>
   <subfield code="b">UNIPILB</subfield>
   <subfield code="c">SERIALS</subfield>
   <subfield code="e">20151111</subfield>
   <subfield code="h">Αλφαβητική σειρά</subfield>
   <subfield code="p">87089</subfield>
   <subfield code="q">87089</subfield>
   <subfield code="t">NOLOAN</subfield>
   <subfield code="v">τεύχ.413:(Μήνες)Ιούλιος/Αύγουστος;(Έτος)2015</subfield>
   <subfield code="y">23</subfield>
  </datafield>
  <datafield tag="950" ind1=" " ind2=" ">
   <subfield code="a">01/07/2015</subfield>
   <subfield code="c">ΔΩΡΕΑ ΠΕΡΙΟΔΙΚΩΝ</subfield>
   <subfield code="d">845</subfield>
  </datafield>
  <datafield tag="951" ind1=" " ind2=" ">
   <subfield code="a">Τεύχ.442 (Μάϊος - Ιούνιος 2020)</subfield>
   <subfield code="b">Main run</subfield>
  </datafield>
  <datafield tag="951" ind1=" " ind2=" ">
   <subfield code="a">Τομ. 4 τχ. 27 (Ιαν. 1965) -  (Τομ. 8 τχ. 76 (Δεκ. 1969)</subfield>
   <subfield code="b">Main run</subfield>
  </datafield>
  <datafield tag="951" ind1=" " ind2=" ">
   <subfield code="a">Τομ. 12, τχ. 107 (Ιαν./Φεβ. 1973) -  (τ. 40, τχ. 331 (Νοέμ./Δεκ. 2001)</subfield>
   <subfield code="b">Main run</subfield>
  </datafield>
  <datafield tag="951" ind1=" " ind2=" ">
   <subfield code="a">Έτος 46 τχ. 389 (Ιουλ./Αυγ. 2011)</subfield>
   <subfield code="b">Main run</subfield>
  </datafield>
  <datafield tag="951" ind1=" " ind2=" ">
   <subfield code="a">Έτος 46 τχ. 391 (Νοεμ.-Δεκ. 2011)</subfield>
   <subfield code="b">Main run</subfield>
  </datafield>
  <datafield tag="951" ind1=" " ind2=" ">
   <subfield code="a">Τχ. 412  (Μάιος/Ιούνιος 2015)</subfield>
   <subfield code="b">Main run</subfield>
  </datafield>
  <datafield tag="951" ind1=" " ind2=" ">
   <subfield code="a">Τχ. 413  (Ιούλιος/Αύγουστος 2015)</subfield>
   <subfield code="b">Main run</subfield>
  </datafield>
  <datafield tag="951" ind1=" " ind2=" ">
   <subfield code="a">Τχ. 439 (Νοέμβριος/ Δεκέμβριος 2019)</subfield>
   <subfield code="b">Main run</subfield>
  </datafield>
  <datafield tag="951" ind1=" " ind2=" ">
   <subfield code="a">Τευχ. 440 (Ιαν. - Φεβρ. 2020)</subfield>
   <subfield code="b">Main run</subfield>
  </datafield>
  <datafield tag="951" ind1=" " ind2=" ">
   <subfield code="a">Τεύχ.441 (Μάρτιος-Απριλίος 2020)</subfield>
   <subfield code="b">Main run</subfield>
  </datafield>
 </record>
</collection>
